000 00663nam a2200181Ia 4500
008 100921s9999 xx 000 0 und d
082 _b15823
_a621.381 थ 78
100 _aकुलकर्णी दिलिप.
245 _aगणकयंत्र.
260 _bनलिनी प्रकाशन,पुणे.
_c1978
300 _a52
_b---
365 _b4
520 _aतंत्रविज्ञान-इलेक्ट्रानिक्स.
630 _aगणकयंत्र.
650 _aतंत्रविज्ञान-इलेक्ट्रानिक्स.
730 _aगणकयंत्र.
942 _cBOOK
999 _c764936
_d764933